| 000 | 00636nam a22002177a 4500 | ||
|---|---|---|---|
| 005 | 20170124110112.0 | ||
| 010 | _a66929 | ||
| 020 | _c00.00 | ||
| 035 | _a66929 | ||
| 037 | _bCen Lib/Ret | ||
| 040 |
_aDPL _bEN |
||
| 082 |
_a920 _bJAG |
||
| 100 |
_aJagjit Singh _929361 |
||
| 245 |
_aSome eminent : _cby Jagjit Singh _bIndian scientists / |
||
| 260 |
_aDelhi _bMinistry of Information and Broadcasting, Govt. of India _c1970 |
||
| 270 |
_bDelhi _aPatiala House |
||
| 300 |
_a159p. _c20cm(Hb) |
||
| 650 |
_aScientists -- India -- Biography _929362 |
||
| 650 |
_aScientists _929363 |
||
| 942 |
_2ddc _cEN _h920 _mJAG |
||
| 999 |
_c130498 _d130498 |
||